Уменьшение силы электрического тока, проходящего через керосин при его движении параллельного электродам: [отдельный оттиск]

Chi tiết về thư mục
Tác giả chính: Кузнецов В. Д. Владимир Дмитриевич
Tác giả khác: Большанина М. А.
Ngôn ngữ:Tiếng Nga
Được phát hành: Томск, 1924
Loạt:Отдельный оттиск из "Известий Томского Государственного Университета" Т.74
Những chủ đề:
Định dạng: Sách
KOHA link:https://koha.lib.tpu.ru/cgi-bin/koha/opac-detail.pl?biblionumber=352497

MARC

LEADER 00000nam0a2200000 4500
001 352497
005 20231102010514.0
035 |a (RuTPU)RU\TPU\retro\9111 
090 |a 352497 
100 |a 20200114d1924 u y0rusy50 ca 
101 0 |a rus 
102 |a RU 
105 |a a z 000zy 
200 1 |a Уменьшение силы электрического тока, проходящего через керосин при его движении параллельного электродам  |e [отдельный оттиск]  |f В. Д. Кузнецов, М. А. Большанина 
210 |a Томск  |d 1924 
215 |a 8 с.  |c ил., черт. 
225 1 |a Отдельный оттиск из "Известий Томского Государственного Университета"  |v Т.74 
316 |5 63413507: ШкА/517  |a На с.1 печать : "Томского технического института" 
606 |a Электрический ток  |2 stltpush  |3 (RuTPU)RU\TPU\subj\27801  |9 51497 
610 1 |a труды учёных ТПУ 
610 1 |a коллекция ТПУ 
610 1 |a электроды 
610 1 |a ионы 
610 1 |a диэлектрики 
610 1 |a закон Ома 
610 1 |a эбонитовые изделия 
610 1 |a электрометры 
675 |a 621.3.014  |v 3 
700 1 |a Кузнецов  |b В. Д.  |c русский физик  |c профессор, академик АН СССР  |c преподавал в ТТИ и на Сибирских высших женских курсах  |c с 1917 преподавал в ТГУ, директор СФТИ (1929-1933, 1937-1960)  |f 1887-1963  |g Владимир Дмитриевич  |2 stltpush  |3 (RuTPU)RU\TPU\pers\18076 
701 1 |a Большанина  |b М. А. 
801 0 |a RU  |b 63413507  |c 20011210  |g PSBO 
801 2 |a RU  |b 63413507  |c 20200115  |g PSBO 
942 |c BK